[Event "OMA-chT 6th"]
[Site "Muscat"]
[Date "2023.08.09"]
[Round "8.4"]
[White "Al Darwashi, Usama"]
[Black "Al Jabri, Rashid"]
[Result "0-1"]
[WhiteElo "1480"]
[BlackElo "1653"]
[PlyCount "90"]
[EventDate "2023.08.03"]
[EventType "team-swiss"]
[EventRounds "9"]
[EventCountry "OMN"]
[SourceTitle "EXT 2024"]
[Source "ChessBase"]
[SourceDate "2023.10.10"]
[SourceVersion "1"]
[SourceVersionDate "2023.10.10"]
[SourceQuality "1"]
[WhiteTeam "Masirah White"]
[BlackTeam "Ibri"]
[WhiteTeamCountry "OMN"]
[BlackTeamCountry "OMN"]

1. d4 d5 2. Nf3 Nf6 3. g3 Nc6 4. Bg2 Bf5 5. c4 e6 6. 0-0 dxc4 7. Qa4 Bd6 8. Ne5 Bxe5 9. Bxc6+ bxc6 10. Qxc6+ Nd7 11. dxe5 0-0 12. f4 Nb6 13. Be3 Qd5 14. Qxd5 exd5 15. Nc3 c6 16. Bc5 Rfd8 17. Rfd1 Nd7 18. Be7 Re8 19. Bd6 f6 20. e4 dxe4 21. exf6 Nxf6 22. Kg2 Rad8 23. Bc5 a6 24. h3 h5 25. Rxd8 Rxd8 26. Rd1 Rd3 27. Rxd3 cxd3 28. Nd1 Nd5 29. Ne3 d2 30. Nd1 e3 31. Bxe3 Nxe3+ 32. Nxe3 Bc2 33. Kf3 d1Q+ 34. Nxd1 Bxd1+ 35. Ke4 Kf7 36. Kf5 g6+ 37. Kg5 Bc2 38. g4 hxg4 39. hxg4 Ke6 40. b4 Bb1 41. a4 Bc2 42. b5 cxb5 43. axb5 axb5 44. f5+ gxf5 45. gxf5+ Bxf5 0-1

[Event "OMA-ch"]
[Site "Muscat"]
[Date "2021.09.25"]
[Round "4"]
[White "Al Darwashi, Usama"]
[Black "Al Ghafri, Amer"]
[Result "1-0"]
[WhiteElo "1459"]
[BlackElo "1626"]
[PlyCount "71"]
[EventDate "2021.09.22"]
[EventType "swiss"]
[EventRounds "9"]
[EventCountry "OMN"]
[SourceTitle "EXT 2023"]
[Source "ChessBase"]
[SourceDate "2022.10.05"]
[SourceVersion "1"]
[SourceVersionDate "2022.10.05"]
[SourceQuality "1"]

1. d4 Nf6 2. c4 e6 3. Nf3 d5 4. g3 Nbd7 5. Bg2 b6 6. cxd5 exd5 7. 0-0 h6 8. Nc3 Bb7 9. Qc2 Be7 10. Bf4 a6 11. Ne5 0-0 12. Rfd1 Rc8 13. Bh3 c5 14. Nxd7 Nxd7 15. dxc5 Bxc5 16. Qf5 Nf6 17. Be5 Rc6 18. Bg2 Bc8 19. Qd3 Bxf2+ 20. Kxf2 Ng4+ 21. Kg1 Nxe5 22. Qxd5 Qxd5 23. Rxd5 Re8 24. Rxe5 Rxe5 25. Bxc6 a5 26. Rd1 Bh3 27. Rd8+ Kh7 28. Rb8 g6 29. Bg2 Be6 30. Rxb6 Bc4 31. Kf2 g5 32. e4 f5 33. Ke3 fxe4 34. Bxe4+ Kg7 35. Kd4 Re6 36. Rb7+ 1-0

[Event "Asian University"]
[Site "Tornelo INT"]
[Date "2021.09.10"]
[Round "2"]
[White "Al Darwashi, Usama"]
[Black "Gamage, Chathulanka"]
[Result "0-1"]
[WhiteElo "1459"]
[BlackElo "1879"]
[PlyCount "104"]
[EventDate "2021.09.10"]
[EventType "swiss (rapid)"]
[EventRounds "9"]
[EventCountry "NET"]
[SourceTitle "CBM 204 Extra"]
[Source "ChessBase"]
[SourceDate "2021.11.30"]
[SourceVersion "1"]
[SourceVersionDate "2021.11.30"]
[SourceQuality "1"]

1. d4 Nf6 2. c4 g6 3. g3 Bg7 4. Nf3 0-0 5. Nc3 d6 6. Bg2 Nc6 7. 0-0 a6 8. b3 Rb8 9. Bb2 b5 10. c5 dxc5 11. dxc5 Nd7 12. Ne1 Bb7 13. Nd3 Qc8 14. b4 Nde5 15. a3 Nc4 16. Rc1 Rd8 17. Ba1 Nd4 18. Ne4 Nxa3 19. Bxd4 Rxd4 20. Nd2 Bxg2 21. Kxg2 Nc4 22. Qc2 Qb7+ 23. Kg1 Rbd8 24. Rfd1 e5 25. Nb2 Nxd2 26. Nd3 Nc4 27. Ne1 Qd5 28. Rxd4 Qxd4 29. Nf3 Qd5 30. e4 Qd3 31. Ne1 Qxc2 32. Nxc2 Rd2 33. Kf1 Bh6 34. Ne1 Rxf2+ 35. Kxf2 Bxc1 36. Nd3 Be3+ 37. Kf3 Bd4 38. Kg4 f6 39. h4 Nd2 40. h5 Nxe4 41. hxg6 hxg6 42. Kf3 Nc3 43. g4 Kf7 44. g5 e4+ 45. Kf4 exd3 46. gxf6 d2 47. c6 d1Q 48. Kg3 a5 49. bxa5 Qf1 50. a6 Ne4+ 51. Kg4 Qf5+ 52. Kh4 Bf2# 0-1